-
RAJPUT, HAKIM SINGH AND TRILOCHN A, DR. N & SHUKLA, SANTOSH PRATAP, SHOURYA
Entry Personal Name
Number of records used in: 1
001 - CONTROL NUMBER
003 - CONTROL NUMBER IDENTIFIER
005 - DATE AND TIME OF LATEST TRANSACTION
- control field:
20251120120153.0
008 - FIXED-LENGTH DATA ELEMENTS
- fixed length control field:
251120|| aca||aabn | a|a d
040 ## - CATALOGING SOURCE
- Original cataloging agency:
JRU
- Transcribing agency:
JRU
100 ## - HEADING--PERSONAL NAME
- Personal name:
RAJPUT, HAKIM SINGH AND TRILOCHN A, DR. N & SHUKLA, SANTOSH PRATAP, SHOURYA
670 ## - SOURCE DATA FOUND
- Source citation:
Work cat.: (JRU)8920: RAJPUT, HAKIM SINGH AND TRILOCHN A, DR. N & SHUKLA, SANTOSH PRATAP, SHOURYA , A TEXT BOOK OF PHARMACEUTICAL QUALITY ASSURANCE: FOR B. PHARMA. [0000000003RD YEAR. 6TH SEM], 2025